Welcome to the Holygrace Academy Library

Please use search bar below to get started

NEXT (Record no. 2342)

MARC details
000 -LEADER
fixed length control field 00570nam a22001337a 4500
082 ## - DEWEY DECIMAL CLASSIFICATION NUMBER
Classification number 823
Item number CRI/N
100 ## - MAIN ENTRY--AUTHOR NAME
Personal name CRICHTON,MICHAEL
245 ## - TITLE STATEMENT
Title NEXT
260 ## - PUBLICATION, DISTRIBUTION, ETC. (IMPRINT)
Place of publication LONDON
Name of publisher HARPER
300 ## - PHYSICAL DESCRIPTION
Number of Pages 431
520 ## - SUMMARY, ETC.
Summary, etc Billionaire "Jack" Watson becomes the victim of an extremely aggressive form of genetic cancer, and is very nearly unable to receive treatment due to others' patents on the relevant genes, giving Watson "a taste of his own medicine". He eventually procures experimental treatment, which fails to save his life.
650 ## - SUBJECT ADDED ENTRY--TOPICAL TERM
Topical Term NOVEL, ENGLISH
Geographic subdivision LONDON
942 ## - ADDED ENTRY ELEMENTS (KOHA)
Koha item type Books
Holdings
Withdrawn status Lost status Collection code Home library Current library Shelving location Date acquired Source of acquisition Full call number Accession Number Koha item type
    Fiction Main Library Main Library SHELF-2-D ENGLIAH NOVELS FOR TEACHERS 18/06/2010 PURCHASE 823 CRI/N 05410 Books